Y después del postmodernismo ¿qué? / (Registro nro. 13780)

Detalles MARC
000 -LEADER
campo de control de longitud fija 00954nam a2200265 i 4500
001 - NÚMERO DE CONTROL
campo de control 13780
003 - IDENTIFICADOR DE NÚMERO DE CONTROL
campo de control ES-MaACL
005 - FECHA Y HORA DE LA ÚLTIMA TRANSACCIÓN
campo de control 20250829050155.0
007 - CAMPO FIJO DE DESCRIPCIÓN FÍSICA--INFORMACIÓN GENERAL
campo de control de longitud fija t|
008 - DATOS DE LONGITUD FIJA--INFORMACIÓN GENERAL
campo de control de longitud fija 980703s1998 sp ||||1| spa d
020 ## - NÚMERO INTERNACIONAL ESTÁNDAR DEL LIBRO
Número Internacional Estándar del Libro 84-7658-526-8
080 ## - NÚMERO DE LA CLASIFICACIÓN DECIMAL UNIVERSAL
Número de la Clasificación Decimal Universal 130.2"19"
245 00 - MENCIÓN DEL TÍTULO
Título Y después del postmodernismo ¿qué? /
Mención de responsabilidad, etc. Rosa Mª Rodríguez Magda, Mª Carmen Africa Vidal (eds.) ; Román de la Calle... [et al.].
250 ## - MENCION DE EDICION
Mención de edición 1ª ed.
260 ## - PUBLICACIÓN, DISTRIBUCIÓN, ETC.
Lugar de publicación, distribución, etc. Barcelona :
Nombre del editor, distribuidor, etc. Anthropos ;
Lugar de publicación, distribución, etc. [Valencia] :
Nombre del editor, distribuidor, etc. Direcció General de Promoció Cultural, Museus i Belles Arts,
Fecha de publicación, distribución, etc. 1998.
300 ## - DESCRIPCIÓN FÍSICA
Extensión 271 p. ;
Dimensiones 18 cm.
490 1# - MENCIÓN DE SERIE
Mención de serie Biblioteca A ;
Designación de volumen o secuencia 28.
Mención de serie Conciencia
650 17 - PUNTO DE ACCESO ADICIONAL DE MATERIA--TÉRMINO DE MATERIA
Término de materia o nombre geográfico como elemento de entrada Postmodernismo
Fuente del encabezamiento o término embne
9 (RLIN) 16329
700 1# - ENTRADA AGREGADA--NOMBRE PERSONAL
Nombre de persona Rodríguez, Rosa María.
9 (RLIN) 98300
700 1# - ENTRADA AGREGADA--NOMBRE PERSONAL
Nombre de persona Vidal, M. Carmen África.
9 (RLIN) 149509
700 1# - ENTRADA AGREGADA--NOMBRE PERSONAL
Nombre de persona Calle, Román de la (
Fechas asociadas al nombre 1942-)
9 (RLIN) 33701
830 0# - PUNTO DE ACCESO ADICIONAL DE SERIE-TÍTULO UNIFORME
Título uniforme Biblioteca A ;
Designación de volumen o secuencia 28.
Título uniforme Conciencia
9 (RLIN) 179400
852 ## - LOCALIZACIÓN
Ubicación ES-MaACL
Número de control de estantería L-21159
Existencias
Estatus retirado Estado de pérdida Estado de daño No para préstamo Biblioteca de origen Biblioteca actual Ubicación en estantería Fecha de adquisición Fuente de adquisición Total de préstamos Signatura topográfica completa Código de barras Visto por última vez Precio de reemplazo Tipo de ítem Koha
        Biblioteca del Ateneo de Madrid Biblioteca del Ateneo de Madrid Depósito 2 17/01/2008     L-21159 1014024 23/02/2023 23/02/2023 Libro impreso